[Event "Gothenburg op"]
[Site "Gothenburg"]
[Date "2022.08.12"]
[Round "3"]
[White "Ghaderi, Noan"]
[Black "Braby, Berth S"]
[Result "1-0"]
[WhiteElo "1367"]
[BlackElo "1566"]
[PlyCount "43"]
[EventDate "2022.08.12"]
[EventType "swiss"]
[EventRounds "8"]
[EventCountry "SWE"]
[SourceTitle "CBM 209 Extra"]
[Source "ChessBase"]
[SourceDate "2022.09.30"]
[SourceVersion "1"]
[SourceVersionDate "2022.09.30"]
[SourceQuality "1"]

1. e4 e6 2. d4 d5 3. e5 c5 4. c3 Nc6 5. Nf3 Qb6 6. dxc5 Bxc5 7. Qc2 Nge7 8. Bf4 0-0 9. Bd3 Ng6 10. Bg3 Bd7 11. 0-0 Rac8 12. Nbd2 Nb4 13. cxb4 Bxf2+ 14. Bxf2 Qxf2+ 15. Rxf2 Rxc2 16. Bxc2 Rc8 17. Bxg6 hxg6 18. Ng5 Be8 19. Nb3 Rc4 20. Rc1 Rxb4 21. Rc8 Kf8 22. Rxf7+ 1-0